| 000 | 00000nas 2200000za 4500 |
| 001 | 9.506534 |
| 003 | CaOODSP |
| 005 | 20200929140449 |
| 007 | cr ||||||||||| |
| 008 | 150406d20072004xxc|| p o||||f| |0eng|d |
| 022 | |a1493-3276 |
| 040 | |aCaOODSP|beng |
| 043 | |an-cn--- |
| 086 | 1 |aRG81-1E-PDF |
| 110 | 2 |aCopyright Board Canada. |
| 245 | 10|aCopyright Board annual report |h[electronic resource] |
| 246 | 1 |aAnnual report - Copyright Board Canada (Online) |
| 260 | |aOttawa - Ontario : |bCopyright Board Canada |
| 310 | |aAnnual |
| 500 | |aLater reports can be found under title Copyright Board of Canada annual report (Iu120E-PDF), from 2004/2005 report. |
| 690 | 07|aAnnual reports|2gcpds |
| 690 | 07|aCopyright|2gcpds |
| 775 | 08|tCommission du droit d'auteur, rapport annuel.|w(CaOODSP)9.502933 |
| 785 | 00|tAnnual report |w(CaOODSP)9.505637 |